| 000 | 00391nam a2200157Ia 4500 | ||
|---|---|---|---|
| 008 | 230312s9999||||xx |||||||||||||| ||und|| | ||
| 020 | _a0-07-118872-X | ||
| 082 |
_a332.024 _bKAP |
||
| 100 | _aKapoor, Jack R. | ||
| 245 | 0 | _aPersonal Finance | |
| 260 |
_bMcGraw Hill _aLondon _c2001 |
||
| 300 | _a678 | ||
| 546 | _aEng. | ||
| 650 |
_aEconomics _vPlanning your personal finances |
||
| 942 | _cBK | ||
| 999 |
_c2314 _d2314 |
||